All Olivia Rodrigo songs (up to drop dead) - Statistics

General Stats
  • This quiz has been taken 205 times
    120 since last reset
  • The average score is 24 of 30
Answer Stats
% Correct
SOUR 3 drivers license
98%
you seem pretty sad for a girl so in love 1 drop dead
98%
SOUR 2 traitor
95%
SOUR 1 brutal
93%
SOUR 6 good 4 u
93%
GUTS 3 vampire
91%
SOUR 5 deja vu
87%
GUTS 6 making the bed
86%
GUTS 1 all-american bitch
84%
GUTS 4 lacy
84%
GUTS 11 pretty isn't pretty
84%
GUTS 17 so american
82%
SOUR 11 hope ur ok
80%
GUTS 2 bad idea right?
78%
SOUR 10 favorite crime
78%
SOUR 4 1 step forward, 3 steps back
76%
SOUR 9 jealousy, jealousy
76%
GUTS 7 logical
76%
GUTS 15 scared of my guitar
76%
GUTS 12 teenage dream
76%
GUTS 10 the grudge
76%
GUTS 13 obsessed
75%
SOUR 7 enough for you
74%
GUTS 5 ballad of a homeschooled girl
73%
SOUR 8 happier
73%
GUTS 9 love is embarrassing
71%
Singles - Can't Catch Me Now
69%
GUTS 8 get him back!
69%
GUTS 14 girl i've always been
65%
GUTS 16 stranger
65%
No matching quizzes found
Score Distribution
Percent of People with Each Score
Percentile by Number Answered
Your Score History
You have not taken this quiz since the last reset